High-Level Languages and Their Compilers /

Gespeichert in:
Bibliographische Detailangaben
1. Verfasser: Watson, Des (Verfasst von)
Format: Buch
Sprache:Englisch
Veröffentlicht: Wokinghan : Addison-Wesley Publishing Company, 1989
Schlagworte:
Tags: Tag hinzufügen
Keine Tags, Fügen Sie das erste Tag hinzu!

MARC

LEADER 00000nam a22000003a 4500
001 stu44352
005 20150617225718.5
008 950309s1989----uk------------------eng-d
040 |a STU  |b slo 
041 0 |a eng 
044 |a uk 
080 |a 519.682 
080 |a 681.3.068 
100 1 |a Watson, Des  |4 aut 
245 1 |a High-Level Languages and Their Compilers /  |c [aut.]Des Watson 
260 |a Wokinghan :  |b Addison-Wesley Publishing Company,  |c 1989 
300 |a 337 s 
650 7 |a jazyky programovacie  |2 stusub 
650 7 |a kompilátory  |2 stusub 
996 |b 284M055351  |c M*7583-1  |l MMKN  |s A  |a 24  |w stu44352_0001